Código Civil del Perú

Guardat en:
Dades bibliogràfiques
Autor principal: León Barandiarán, José (Autor)
Format: Llibre
Idioma:espanyol
Publicat: Madrid Instituto de Cultura Hispánica 1962
Matèries:
Etiquetes: Afegir etiqueta
Sense etiquetes, Sigues el primer a etiquetar aquest registre!

MARC

LEADER 00000cam a2200000 a 4500
001 UCG8140
003 CL-VaPUC
008 111124e19620000SP |||||||||||||||||spa|d
082 0 4 |a 346.85  |b LEO  |2 21 
100 |a León Barandiarán, José  |e author  |9 559031 
245 1 0 |a Código Civil del Perú 
300 |a 287 p 
942 |c BK 
945 |d 20111124 00:00:00  |a dcastane 
260 |a Madrid  |b Instituto de Cultura Hispánica  |c 1962 
650 0 |a Derecho civil  |9 255013 
650 0 |a Código civil  |9 256135 
650 7 |a LEGISLACION  |2 CL-VaPUC  |9 559032 
651 0 |a Perú  |9 256567 
583 |a last modification  |c 20111124 10:34:00  |k Rodrigo Vera 
999 |c 345776  |d 345774 
952 |0 0  |1 0  |4 0  |6 346_850000000000000_LEO_1962  |7 0  |8 A  |9 446020  |a BIBDER  |b BIBDER  |d 2019-11-22  |i 4804546  |o 346.85 LEO 1962  |p 4804546  |r 2023-01-25  |w 2019-11-22  |y BK  |k DER